000 00266nam a2200097Ia 4500
001 726603
005 20250826163432.0
008 250824s9999 xx 000 0 und d
245 0 _aMÜREKKEP DENİZİNDE BİTMEYEN YOLCULUK
_cALİ ÜNLÜ
260 _bATLIKARINCA YAYINLARI
999 _c726603
_d726603